All pakistan village aid seminar on women's wovla (Record no. 1440783)

MARC details
000 -LEADER
fixed length control field 00546nam a2200169Ia 4500
005 - DATE AND TIME OF LATEST TRANSACTION
control field 20250923144559.0
008 - FIXED-LENGTH DATA ELEMENTS--GENERAL INFORMATION
fixed length control field 008 250917s9999 xx 000 0 eng d
037 ## - SOURCE OF ACQUISITION
Stock number Textual
040 ## - CATALOGING SOURCE
Original cataloging agency DSWL
Language of cataloging eng
Transcribing agency DSWL
041 ## - LANGUAGE CODE
Language code of text/sound track or separate title eng
Source of code eng
084 ## - COLON CLASSIFICATION NUMBER
Classification number Y15-31:7:7p44Q7, N57, N57
Assigning agency DSWL
245 #0 - TITLE STATEMENT
Title All pakistan village aid seminar on women's wovla
Statement of responsibility, etc. by Government of Pakistan.
260 ## - PUBLICATION, DISTRIBUTION, ETC.
Name of publisher, distributor, etc. University of economic affairs
Date of publication, distribution, etc. 1957
300 ## - PHYSICAL DESCRIPTION
Extent 90p.
942 ## - ADDED ENTRY ELEMENTS (KOHA)
Koha item type Textual
Classification part Y15-31:7:7p44Q7, N57, N57
Holdings
Withdrawn status Lost status Damaged status Not for loan Home library Current library Date acquired Total Checkouts Full call number Barcode Date last seen Price effective from Koha item type
        Department of Social Work Library Department of Social Work Library 2025-09-23   Y15-31:7:7p44Q7, N57, N57 SW0005218 2025-09-23 2025-09-23 Textual
Copyright @ Delhi University Library System